Guess the Star Wars Planet/Moon by... Vague Description!!! - Statistics

General Stats
  • This quiz has been taken 14 times
  • The average score is 25 of 50
Answer Stats
Hint Answer % Correct
OOPS! ALL CITY! Coruscant
92%
NO!!!! YOU MEAN THE MOON, NOT THE PLANET!!! Endor
92%
☀️☀️ Tatooine
92%
Universe's largest target practice. Alderaan
83%
The results of termites building colonies in the grand canyon. Geonosis
83%
This place was blockaded by donuts with spheres. Naboo
83%
The rebel base was SUPPOSEDLY here, but Tarkin has 0 cares to give. Dantooine
75%
Did we really need ANOTHER Tatooine? Jakku
75%
'Im si--inging in the rain~ Kamino
75%
Why so many Y's? Why? WHY?? Kashyyyk
75%
12 Parsecs. Kessel
75%
This is the way. Mandalore
75%
The surface looks like if someone was drunk when drilling a piece of wood. Utapau
75%
Same situation as above, but with less people being snobby about it. Yavin 4
75%
Where the rebels jumped a Star Destroyer and ran it's pockets, before kidnapping it. Yavin Prime
75%
Necromancer Witches living on Mars. Dathomir
67%
It's no planet, it's no moon. Death Star
67%
It's basically Jupiter, but the deals get worse all the time. Bespin
58%
We could've gotten Korriban in Star Wars canon, but instead we got THIS??? Exegol
58%
Imagine the ion cannon on Hoth, but it's the whole planet. Ilum / Starkiller Base
58%
SEAGULLS! (Stop it now) Dagobah
50%
"yo we need a fantasy sci fi jungle for one scene, just start drawing random plants" Felucia
50%
Home of the empire run by fat slugs. Nobody messes with the Fat Slugs. Nal Hutta
50%
Basically, Guantanamo Bay, but the floor is lava Narkina 5
50%
Literally Bikini Atoll. Scarif
50%
Two words: Pong Krell. Umbara
50%
Was blockaded by a walking talking spider. Christophsis
42%
Hoth 2, Electric Boogaloo Crait
42%
Da Car (theres no cars...) D'Qar
42%
Ancient ruins turned upside down by an INTENSE heatwave caused by an extraterrestrial satellite Jedha
42%
Exegol's better counterpart Korriban
42%
"Sal, You kami!" "No, Sal, you come I!" Saleucami
42%
I LOVE VEGAS I LOVE GAMBLING I LOVE IT 🤑🤑🤑💵💵 Cantonica
33%
"Yknow, maybe building our cities on what are effectively coat racks might not be a good idea" "We all work on a giant space doughnut" "fair point" Cato Neimoidia
33%
Where the second Death Star got a MASSIVE hangover and decided to crash at. Kef Bir
33%
Kamino, if the rainstorms just stopped for once, and there was squids. Mon Cala
33%
The only reason this planet is known is because turnip head got shot by his clones here. Mygeeto
33%
ANOTHER Tatooine, but... they can fly now? (They fly now) Pasaana
33%
"brooo where tf these space whales taking me dawg 😭😭" Peridea
33%
Barely even a moon, it's literally just a rock with a hospital. Polis Massa
33%
"Of course i know him, it's literally an anagram of my name!" Wobani
33%
OSHA would have a stroke if they investigated all of these spaceship ruins... IS THAT A SARLACC? Bracca
25%
^^^ same as above, except more anti-climactic (TRoS) Kijimi
25%
Where the worst squad of anti-jedis lived. Literally got raided twice and fumbled both times. Nur
25%
Mustafar's older brother, except they are in rehab and doing better for themselves Sullust
25%
Add a little mix of the Clone Wars, a liiiittle sprinkle of the Old Republic, and i tiny, teensy-weensy pinch of Warhammer 40K. Koboh
17%
Where the Empire built their space doritos Kuat
17%
Tie Avengers, Assemble. 73
8%
The first ever "Holdo Maneuver", proven to be mid-ly successful. How malevolent. Antar
8%
THE RAIN IS ACID THE RAIN IS ACID THE RAIN IS ACID THE RAIN IS ACID THE RAIN IS ACID Vjun
8%
No matching quizzes found
Score Distribution
Percent of People with Each Score
Percentile by Number Answered
Your Score History
You have not taken this quiz